=LDR 00000nam 2200000 4500 =001 INLIS000000000013201 =005 20130612104629 =008 ***********************************Ind** =035 ##$$0010-061300000013201 =041 ##$$a Ind =082 ##$$a 658 =090 ##$$a 658, Has o =100 ##$$a Hasibuan, Malayu, H =245 ##$$a Organisasi dan motivasi, Dasar peningkatan produktivitas, Drs.H.Malayu S.P.Hasibuan =260 ##$$a 2003 $b Jakarta =300 ##$$a 130 hlm, 20,5 cm =650 ##$$a Manajemen =850 ##$$a NBPNMAT